00337nam a2200133Ia 4500008004100000020001500041041001200056082001600068100001400084245004400098260004100142300000800183650001200191221030s9999 xx 000 0 und d a8185749671 aEnglish a105.23bPra aP. Prasad 0aApplied Indian Communication Techniques bS.K. Kataria & SonsaNew Delhic2000 a321 aEnglish